| 000 | 00847nam a22002297a 4500 | ||
|---|---|---|---|
| 001 | 195 | ||
| 003 | BD-RjUL | ||
| 005 | 20211208233128.0 | ||
| 008 | 131109s1955 ii | |||| 000 0 ben d | ||
| 035 | _a(BD-RjUL)208 | ||
| 040 |
_aBD-RjUL _beng _cBD-RjUL |
||
| 041 | _aben | ||
| 082 | 0 | 4 |
_223 _a891.443 _bMIB 1955 |
| 100 | 1 |
_aমিত্র, প্রেমেন্দ্র _9591 |
|
| 245 | 1 | 0 |
_aবৃষ্টি এল / _cপ্রেমেন্দ্র মিত্র |
| 250 | _a২য় সং. | ||
| 260 |
_aকলিকাতা : _bনিউ এজ পাবলিশার্স লিমিটেড, _c১৯৫৫. |
||
| 300 |
_a১৩১ পৃ. ; _c১৮ সেমি. |
||
| 650 | 7 |
_2SLSH _aবাংলা সাহিত্য _9603 _vউপন্যাস |
|
| 650 |
_aBengali literature _9572 _vLiterature |
||
| 942 |
_2ddc _cBK |
||
| 999 |
_c195 _d195 |
||